Šedá ekonomika v Polsku

Zhruba 20 perc. hrubého domáceho produktu Poľska predstavuje šedá ekonomika. V r. 1989 - 1993 prešiel daňový systém značnými zmenami. Daňové úniky a daňové priestupky zistené kontrolami finančných úradov. Otvorenie hraníc a hospodárska kriminalita. Práca načierno.

Uložené v:
Podrobná bibliografia
Médium: Kapitola
Jazyk:Czech
Predmet:
Tagy: Pridať tag
Žiadne tagy, Buďte prvý, kto otaguje tento záznam!

MARC

LEADER 00000naa a2200000 4500
001 r015935
005 20221213082107.9
041 0 |a cze 
044 |a CZ 
245 1 0 |a Šedá ekonomika v Polsku 
520 |a Zhruba 20 perc. hrubého domáceho produktu Poľska predstavuje šedá ekonomika. V r. 1989 - 1993 prešiel daňový systém značnými zmenami. Daňové úniky a daňové priestupky zistené kontrolami finančných úradov. Otvorenie hraníc a hospodárska kriminalita. Práca načierno. 
610 2 0 |a ekonomika tieňová 
610 2 0 |a sústava daňová 
610 2 0 |a únik daňový 
610 2 0 |a kriminalita hospodárska 
610 2 0 |a Poľsko